000 00507nam a2200169 i 4500
001 46069
003 ES-MaACL
007 t|
008 030327s1980 sp ||||1| spa d
245 0 0 _aCompendio de medicina nuclear /
_cA. Desgrez ... [et al.] ; [traducción J.J. Soler Ripoll].
250 _a[1ª ed.].
260 _aMadrid :
_bAC,
_c[1980]
300 _aXI, 200 p. :
_bil. ;
_c21 cm.
700 1 _aDesgrez, A.
_943875
700 1 _aSoler Ripoll, J. J.
_9107189
852 _aES-MaACL
_jL-3890
_bR.103610
999 _c46069
_d46069